| 000 | 00929nam a2200205 i 4500 | ||
|---|---|---|---|
| 001 | 28997 | ||
| 003 | ES-MaACL | ||
| 005 | 20230906153950.0 | ||
| 007 | t| | ||
| 008 | 030120s1889 sp |||| | spa d | ||
| 100 | 1 |
_aBalaguer y Oromi, José. _924811 |
|
| 245 | 1 | 0 |
_aAlgunos datos sobre la epidemia de cólera ocurrida en octubre de 1855 en el manicomio de San Baudilio de Llobregat : _bcausas inherentes al mismo, que acrecentaron su desarrollo, y medidas adoptadas para combatirlas y atajar la epidemia / _cpor el Dr. D. José Balaguer y Oromí. |
| 260 |
_aBarcelona : _b[s.n.], _c1889 ( _fImp. de Jaime Jepús) |
||
| 300 |
_a96 p. ; _c26 cm. |
||
| 530 | _aDisponible en formato digital. | ||
| 650 | 4 |
_aCólera- _zSant Boi de Llobregat. _9158734 |
|
| 650 | 0 | 4 |
_aHospitales psiquiátricos. _913485 |
| 852 |
_aES-MaACL _jT-523-F-3 |
||
| 856 |
_uhttp://bdh-rd.bne.es/viewer.vm?id=0000056186&page=1 _zBiblioteca Digital Hispánica |
||
| 999 |
_c28997 _d28997 |
||